10 nước giàu mạnh : Thông tin tổng hợp về mười nước: Hoa Kỳ, Nga, Anh, Pháp, Trung Quốc, Nhật, Đức, Italy, Canada, Australia
Giới thiệu sơ lược bối cảnh thế giới, tiến trình phát triển và hiện trạng của mười nước giàu mạnh trên thế giới cả về kinh tế lẫn quân sự như: Mỹ, Nga, Anh, Pháp, Trung Quốc, Nhật, Đức, Ý, Canada và Úc...
שמור ב:
| מחבר ראשי: | |
|---|---|
| פורמט: | ספר |
| שפה: | Undetermined |
| יצא לאור: |
Huế
Thuận Hóa
2010
|
| נושאים: | |
| תגים: |
הוספת תג
אין תגיות, היה/י הראשונ/ה לתייג את הרשומה!
|
| Thư viện lưu trữ: | Trung tâm Học liệu Trường Đại học Cần Thơ |
|---|
| LEADER | 01119nam a2200229Ia 4500 | ||
|---|---|---|---|
| 001 | CTU_175967 | ||
| 008 | 210402s9999 xx 000 0 und d | ||
| 020 | |c 43000 | ||
| 082 | |a 330.9172 | ||
| 082 | |b Đ450 | ||
| 100 | |a Lê, Xuân Đỗ | ||
| 245 | 0 | |a 10 nước giàu mạnh : | |
| 245 | 0 | |b Thông tin tổng hợp về mười nước: Hoa Kỳ, Nga, Anh, Pháp, Trung Quốc, Nhật, Đức, Italy, Canada, Australia | |
| 245 | 0 | |c Lê Xuân Đỗ | |
| 260 | |a Huế | ||
| 260 | |b Thuận Hóa | ||
| 260 | |c 2010 | ||
| 520 | |a Giới thiệu sơ lược bối cảnh thế giới, tiến trình phát triển và hiện trạng của mười nước giàu mạnh trên thế giới cả về kinh tế lẫn quân sự như: Mỹ, Nga, Anh, Pháp, Trung Quốc, Nhật, Đức, Ý, Canada và Úc | ||
| 650 | |a Developed countries,Nước phát triển | ||
| 650 | |x Economic conditions,Điều kiện kinh tế | ||
| 904 | |i Trọng Hiếu | ||
| 980 | |a Trung tâm Học liệu Trường Đại học Cần Thơ | ||